| 000 | 01386cam a2200253 4500 | ||
|---|---|---|---|
| 001 | ABS66383 | ||
| 008 | 030128n2002 000 0 eng u | ||
| 035 | _a(Sirsi) u121138 | ||
| 100 | _aHouldsworth, D. | ||
| 245 | 4 | _aThe Land Reform (Scotland) Bill | |
| 260 | _c2002 | ||
| 490 |
_aLandowning in Scotland _v(272) December 2002/January 2003 25-28(4) |
||
| 520 | _aExplores some of the detail of all three parts of the Land Reform (Scotland) Bill now that it has been published in its amended form after completing stage two of the legislative process. Part 1 deals with access rights; Part 2 deals with the community right to buy and Part 3 deals with the crofting community right to buy, highlighting issues of particular concern to landowners, farmers and other occupiers of rural land. However, it must be realised that the Bill may be changed further at stage three and before it is enacted. View the Bill (as amended at stage 2) at www.scottish.parliament.uk. | ||
| 590 | _aABS | ||
| 650 | _aLAND REFORM (SCOTLAND) ACT 2003 | ||
| 650 | _aSCOTLAND | ||
| 650 | _aRIGHTS OF ACCESS | ||
| 650 | _aRIGHT TO BUY | ||
| 650 | _aLANDOWNERS | ||
| 650 | _aFARMERS | ||
| 690 | _aPROPERTY AND LAND LAW-CASE LAW | ||
| 856 |
_uhttps://www.scottish.parliament.uk/parl_bus/bills/b44as1.pdf _vView the Bill (as amended at stage 2) on the Scottish Parliament website... |
||
| 942 | _n0 | ||
| 999 |
_c71981 _d71981 |
||